UK Regional Airlines - Statistics

General Stats
  • This quiz has been taken 83 times
  • The average score is 4 of 9
Answer Stats
Airlines % Correct
BA CityFlyer
75%
Loganair
70%
Flybe
69%
Eastern Airways
50%
Aurigny Air Services
47%
BMI Regional
45%
Blue Islands
36%
Isles of Scilly Skybus
27%
Lydd Air
17%
No matching quizzes found
Score Distribution
Percent of People with Each Score
Percentile by Number Answered
Your Score History
You have not taken this quiz